| 000 | 00826nam a2200301 c 4500 | ||
|---|---|---|---|
| 999 |
_c181223 _d181223 |
||
| 003 | BLK | ||
| 005 | 20250710124637.0 | ||
| 008 | 180411b bul|||||r ||||||| ||bul|| | ||
| 010 | _aKNG00190116000 | ||
| 040 | _aBLK | ||
| 041 |
_aBUL _cENG |
||
| 080 |
_aНародни приказки _b398.21 _z398.21 |
||
| 100 | 1 |
_aDedopulos, Tim _eпърви автор _98191 |
|
| 139 |
_aDedopulos, Tim _bD 29 |
||
| 245 | 1 | 0 |
_aWizards _bA Magical History Tour _cTim Dedopulos |
| 257 | _aBGR | ||
| 260 |
_c2001 _aLondon |
||
| 300 |
_a128 с. _c29 см |
||
| 380 | _aDN | ||
| 852 | _aЦб ІІ 21449 | ||
| 856 | 4 | _qpdf | |
| 856 | 4 | _qpdf | |
| 942 |
_cKNG _n0 _02 |
||
| 944 |
_aCR _c26.08.2016 _k30551 _lБояна Костадинова |
||
| 944 |
_aED _c31.08.2016 _kПенка_Димитрова |
||
| 999 | _d181223 | ||
| 999 | _d181223 | ||